Music Quiz

Random Music or Album Quiz
Score 0/20 Timer 05:00
1 Play Today
% Correct
Arcade Fire, Funeral
77%
Fleet Foxes, Fleet Foxes
52.1%
The National, Boxer
48.1%
Interpol, Turn On the Bright Lights
46.4%
The Shins, Chutes Too Narrow
36.6%
Modest Mouse, The Moon & Antarctica
34.7%
TV on the Radio, Return to Cookie Mountain
29.9%
The Libertines, Up the Bracket
29.8%
Animal Collective, Sung Tongs
25%
Dirty Projectors, Bitte Orca
23.2%
% Correct
Spoon, Kill the Moonlight
22%
Broken Social Scene, You Forgot It in People
20.1%
of Montreal, Hissing Fauna, Are You the Destroyer?
19.7%
Grizzly Bear, Yellow House
18.8%
Deerhunter, Microcastle
16.6%
The New Pornographers, Mass Romantic
16.1%
The Hold Steady, Boys and Girls in America
15.5%
Fugazi, The Argument
14.2%
Battles, Mirrored
13.9%
Clinic, Internal Wrangler
5.7%
Remove Ads.
Support Sporcle.
Get the best of Sporcle when you Go Orange. This ad-free experience offers more features, more stats, and more fun while also helping to support Sporcle. Thank you for becoming a member.

You're not logged in!

Compare scores with friends on all Sporcle quizzes.
OR
Log In

Show Comments

Extras

Top Quizzes Today


Score Distribution

Your Account Isn't Verified!

In order to create a playlist on Sporcle, you need to verify the email address you used during registration. Go to your Sporcle Settings to finish the process.

Report this User

Report this user for behavior that violates our Community Guidelines.

Details: